Inovácie ako jeden z najdôležitejších trendov v podnikaní
Inovácie ako základná súčasť podnikania. Inovovanie predstavuje dobrú myšlienku s veľkým potenciálom. Znalosť riadenia inovačného procesu. Inovačný proces začína v mysliach manažérov a pokračuje zmenou podnikovej kultúry a budovaním inovatívnej spolupráce v podniku.
Saved in:
| Main Author: | |
|---|---|
| Format: | Book Chapter |
| Language: | Slovak |
| Subjects: | |
| Tags: |
No Tags, Be the first to tag this record!
|
MARC
| LEADER | 00000nla$a2200000$$$4500 | ||
|---|---|---|---|
| 001 | 0076133 | ||
| 005 | 20240502071906.3 | ||
| 041 | 0 | |a slo | |
| 044 | |a SK | ||
| 245 | 1 | 0 | |a Inovácie ako jeden z najdôležitejších trendov v podnikaní |c Petra Kováčiková |
| 520 | |a Inovácie ako základná súčasť podnikania. Inovovanie predstavuje dobrú myšlienku s veľkým potenciálom. Znalosť riadenia inovačného procesu. Inovačný proces začína v mysliach manažérov a pokračuje zmenou podnikovej kultúry a budovaním inovatívnej spolupráce v podniku. | ||
| 610 | 2 | 0 | |a inovácia |
| 610 | 2 | 0 | |a manažéri |
| 610 | 2 | 0 | |a podnikanie |
| 610 | 2 | 0 | |a podnik |
| 100 | 1 | |a Kováčiková, Petra | |